000
00406nam a2200145Ia 4500
008
100122s9999 xx 000 0 und d
082
_b
31517
_a
823
100
_a
मेहता शशिकला
245
_a
अनुराधा
260
_b
स्मिता प्रकाशन
_c
1905
300
_a
110
630
_a
अनुराधा
730
_a
अनुराधा
942
_c
BOOK
999
_c
416088
_d
416085